Famous Czechs by Picture - Statistics

General Stats
  • This quiz has been taken 67 times
  • The average score is 7 of 16
Answer Stats
Picture Hint Answer % Correct
1936–2011 Václav Havel
77%
1982– Petr Čech
70%
1841–1904 Antonín Dvořák
66%
1824–1884 Bedřich Smetana
62%
1972– Pavel Nedvěd
61%
1939–2019 Karel Gott
59%
1972– Jaromír Jágr
57%
1956– Martina Navratilova
54%
1980– Tomáš Rosický
51%
1990– Petra Kvitová
46%
1960– Ivan Lendl
34%
1890–1938 Karel Čapek
34%
1929–2023 Milan Kundera
30%
1592–1670 John Amos Comenius
20%
1984– Karolína Kurková
15%
1860–1939 Alphonse Mucha
13%
No matching quizzes found
Score Distribution
Percent of People with Each Score
Percentile by Number Answered
Your Score History
You have not taken this quiz